| 000 | 01074cam a2200205 4500 | ||
|---|---|---|---|
| 001 | X111947 | ||
| 008 | 000000n2001 000 0 eng u | ||
| 035 | _a(Sirsi) u111947 | ||
| 100 | _aRedmond-Cooper, R. | ||
| 245 | _aTime limits in art and antiquity claims | ||
| 260 | _c2001 | ||
| 490 |
_aArt Antiquity and Law _v4(4) December 1999, 323-346(24) |
||
| 520 | _aProvides an overview of the limitation periods applicable in English law to the main forms of art disputes, including the torts of negligence and conversion, breach of contract and breach of trust. Also refers to limitation periods applicable to actions in conversion in other jurisdictions, and also to the English Foreign Limitation Periods Act 1984. Discusses the proposals of the Law Commission of England and Wales for reform of the limitation periods in English law. TAKEN FROM JOURNAL ABSTRACT. | ||
| 650 | _aLIMITATION PERIODS | ||
| 650 | _aFOREIGN LIMITATION PERIODS ACT 1984 | ||
| 650 | _aART DISPUTES | ||
| 650 | _aLIMITATION ACT 1980 | ||
| 690 |
_aArts and antiques _96217 |
||
| 942 | _n0 | ||
| 999 |
_c66709 _d66709 |
||